Adobe Photoshop 4.0 xử lý các tính năng chuyên sâu

Đã lưu trong:
Sonraí Bibleagrafaíochta
Príomhúdar: Đỗ Duy Việt
Formáid: Leabhar
Teanga:Undetermined
Foilsithe: Tp. HCM Thống Kê 1998
Ábhair:
Clibeanna: Cuir Clib Leis
Gan Chlibeanna, Bí ar an gcéad duine leis an taifead seo a chlibeáil!
Thư viện lưu trữ: Trung tâm Học liệu Trường Đại học Cần Thơ
LEADER 00590nam a2200193Ia 4500
001 CTU_35027
008 210402s9999 xx 000 0 und d
020 |b 27.000đ 
082 |a 006.68 
082 |b V308 
100 |a Đỗ Duy Việt 
245 0 |a Adobe Photoshop 4.0 xử lý các tính năng chuyên sâu 
245 0 |c Đỗ Duy Việt 
260 |a Tp. HCM 
260 |b Thống Kê 
260 |c 1998 
650 |a application software,computer graphics - computer programs 
904 |i Minh, 000215 
980 |a Trung tâm Học liệu Trường Đại học Cần Thơ